000 00847cam a22002653a 4500
001 14422
003 PGUSA
005 20140828083317.0
008 041222s2004||||xxu|||||s|||||000 | eng d
040 _aPGUSA
_beng
042 _adc
050 4 _aJA
100 1 _aCroly, Herbert David,
_d1869-1930
245 1 4 _aThe Promise of American Life
_h[electronic resource] /
_cHerbert David Croly
260 _bProject Gutenberg,
_c2004
506 _aPublic domain in the USA.
516 _aElectronic text
653 _aUnited States -- Social conditions -- 1865-1918
653 _aPolitical science -- United States -- History
653 _aProgressivism (United States politics)
653 _aUnited States -- Politics and government
830 0 _aProject Gutenberg
_v14422
856 4 0 _uhttp://www.gutenberg.org/ebooks/14422
942 _cEB
999 _c243677
_d243677